脊柱側彎的三維治療 : (Record no. 7277)
[ view plain ]
| 000 -LEADER | |
|---|---|
| fixed length control field | 01383cam a22003374i 4500 |
| 001 - CONTROL NUMBER | |
| control field | .b35480853 |
| 003 - CONTROL NUMBER IDENTIFIER | |
| control field | YEEZEN |
| 005 - DATE AND TIME OF LATEST TRANSACTION | |
| control field | 20240102145058.0 |
| 008 - FIXED-LENGTH DATA ELEMENTS--GENERAL INFORMATION | |
| fixed length control field | 210414s2020 cc a 000 0 chi d |
| 020 ## - INTERNATIONAL STANDARD BOOK NUMBER | |
| International Standard Book Number | 9789887946724 |
| Qualifying information | (平裝) |
| 040 ## - CATALOGING SOURCE | |
| Original cataloging agency | CKT |
| Language of cataloging | chi |
| Transcribing agency | CKT |
| 041 1# - LANGUAGE CODE | |
| Language code of text/sound track or separate title | chi |
| Language code of intermediate translations | eng |
| Language code of original | ger |
| 042 ## - AUTHENTICATION CODE | |
| Authentication code | nbic |
| 090 ## - LOCALLY ASSIGNED LC-TYPE CALL NUMBER (OCLC); LOCAL CALL NUMBER (RLIN) | |
| Classification number (OCLC) (R) ; Classification number, CALL (RLIN) (NR) | 416.616 |
| Local cutter number (OCLC) ; Book number/undivided call number, CALL (RLIN) | 4220 |
| 100 1# - MAIN ENTRY--PERSONAL NAME | |
| Personal name | 萊納特-施羅特 |
| Titles and words associated with a name | (Lehnert-Schroth, Christa) |
| 240 10 - UNIFORM TITLE | |
| Uniform title | Three-dimensional treatment for scoliosis. |
| Language of a work | 中文 |
| 245 10 - TITLE STATEMENT | |
| Title | 脊柱側彎的三維治療 : |
| Remainder of title | 施羅特呼吸矯形系統改善脊柱側彎的物理治療理念 / |
| Statement of responsibility, etc. | 克麗斯塔.萊納特-施羅特(Christa Lehnert-Schroth), 佩特拉.格羅布(Petra Gröbl)合著 ; 吳澍仁, 鄭諾欣譯 |
| 246 1# - VARYING FORM OF TITLE | |
| Display text | 原文之副題名 : |
| Title proper/short title | A physiotherapeutic method for deformities of the spine. |
| 246 1# - VARYING FORM OF TITLE | |
| Display text | 德文題名 : |
| Title proper/short title | Dreidimensionale skoliosebehandlung. |
| 250 ## - EDITION STATEMENT | |
| Edition statement | 第一版 |
| 260 ## - PUBLICATION, DISTRIBUTION, ETC. | |
| Place of publication, distribution, etc. | [香港] : |
| Name of publisher, distributor, etc. | 匡健出版Wise Press, |
| Date of publication, distribution, etc. | [2020] |
| 300 ## - PHYSICAL DESCRIPTION | |
| Extent | 195 面 : |
| Other physical details | 部份彩圖, 表 ; |
| Dimensions | 27 公分 |
| 500 ## - GENERAL NOTE | |
| General note | 譯自 : Three-dimensional treatment for scoliosis : a physiotherapeutic method for deformities of the spine, 8th ed. |
| 504 ## - BIBLIOGRAPHY, ETC. NOTE | |
| Bibliography, etc. note | 參考書目 : 面191-195. |
| 650 #7 - SUBJECT ADDED ENTRY--TOPICAL TERM | |
| Topical term or geographic name entry element | 脊柱側彎 |
| Source of heading or term | lcstt. |
| 650 #7 - SUBJECT ADDED ENTRY--TOPICAL TERM | |
| Topical term or geographic name entry element | 物理治療 |
| Source of heading or term | lcstt. |
| 700 1# - ADDED ENTRY--PERSONAL NAME | |
| Personal name | 格羅布 |
| Titles and other words associated with a name | (Gröbl, Petra) |
| 700 1# - ADDED ENTRY--PERSONAL NAME | |
| Personal name | 吳澍仁 |
| 700 1# - ADDED ENTRY--PERSONAL NAME | |
| Personal name | 鄭諾欣 |
| 942 ## - ADDED ENTRY ELEMENTS (KOHA) | |
| Source of classification or shelving scheme | 中文圖書分類法 |
| Koha item type | 長期借閱書籍 |
| 撤銷狀態 | 遺失狀態 | 分類號來源 | 損壞狀態 | 不外借 | 永久館藏地 | 現在館藏地 | 書架位置 | 採購日期 | 全部借出 | 全部續借 | 完整索書號 | 條碼號 | 還書日 | 最後一次日期記錄 | Date last checked out | 一般價格有效日期 | Koha館藏類型 | 公開資訊 |
|---|---|---|---|---|---|---|---|---|---|---|---|---|---|---|---|---|---|---|
| 未註銷館藏 | 未遺失 | 中文圖書分類法 | 未損毀 | 可外借 | 怡仁綜合醫院圖書館 | 怡仁綜合醫院圖書館 | 復健中心 | 2022-08-10 | 12 | 4 | 416.616 | C02859 | 2026-06-30 | 2026-01-02 | 2026-01-02 | 2022-08-10 | 長期借閱書籍 | 目錄 第一章/施羅特呼吸矯形系統的歷史 第二章/脊柱側彎的基本知識 第三章/根據施羅特的方法評估脊柱側彎 第四章/脊柱側彎相關的病理生理變化 第五章/施羅特方法的三維脊柱側彎治療 第六章/運動的關鍵觀察和跟進圖片 第七章/不當運動或不良日常姿勢 第八章/起始位置與治療輔助用具 第九章/功能性位置的運動策略和建議 第十章/個案研究 第十一章/治療結果統計計價 第十二章/卡塔琳娜-施羅特診所(位於巴特索伯恩海姆)的住院治療 第十三章/以矯形為主的日常生活 |